| 000 | 00000nam##2200000za#4500 |
| 001 | 9.601258 |
| 003 | CaOODSP |
| 005 | 20210624210003 |
| 007 | cr ||||||||||| |
| 008 | 150406|2000||||xxc|||||o f|0| 0 fre|d |
| 040 | |aCaOODSP|bfre |
| 043 | |an-cn--- |
| 086 | 1 |aC21-24/32-2000F-PDF |
| 110 | 1 |aCanada.|bIndustrie Canada. |bDirection de l'analyse micro-économique. |
| 245 | 13|aLe paradoxe canado-américain de la croissance de la productivité / |h[ressource électronique]|cpar Serge Coulombe. |
| 260 | |aOttawa - Ontario : |bIndustrie Canada. |cMars 2000. |
| 300 | |a44p.|bgraphiques |
| 490 | 1 |aSérie de document de travail|vN° 32 |
| 500 | |aLe nº de catalogue (C21-24/32-2000) et l'ISBN (0-662-64789-0) de l'édition imprimée bilingue ont été incorrectement copiés dans cette édition électronique. |
| 504 | |aBibliographie. |
| 590 | |a12-12-Supp|b2012-03-28 |
| 720 | 1 |aCoulombe, Serge |
| 775 | 08|tThe Canada-U.S. productivity growth paradox / |w(CaOODSP)9.570610 |
| 776 | 0#|tThe Canada-U.S. productivity growth paradox / |w(CaOODSP)9.533626 |
| 776 | 0#|tLe paradoxe canado-américain de la croissance de la productivité / |w(CaOODSP)9.533627 |
| 830 | #0|aSérie de document de travail ;|vN° 32|w(CaOODSP)9.501123 |
| 856 | 40|ahttp://publications.gc.ca|qPDF|s106 Ko|uhttps://publications.gc.ca/collections/Collection/C21-24-32-2000F.pdf|yN° 32 |